000 01097nmc a2200421 a 4500
003 AR-BaBNM
005 20251128205618.0
008 308019s1992 ||||||||||||||000 | spa||
020 _a959-12-5409-7
040 _cAR-BaBNM
100 1 _aJorrat, Jorge Raúl
245 1 0 _aDespués de Germani
_bexploraciones sobre estructura social de la Argentina
250 _a1ª ed.
260 _aBuenos Aires
_bPaidós
_c1992
300 _a278 p.
490 0 _aEstado y sociedad
_vvol. 9
600 1 4 _aGermani, Gino
600 0 4 _aPerón
_d1973-1974
650 4 _aSOCIOLOGIA URBANA
650 4 _aESTRUCTURA SOCIAL
650 4 _aMODERNIZACION
650 4 _aSISTEMAS POLITICOS
650 4 _aINMIGRACION
650 4 _aTRABAJO
650 4 _aSINDICALISMO
650 4 _aAGRICULTURA
650 4 _aPRODUCCION AGRICOLA
650 4 _aMIGRACION
650 4 _aCLASES SOCIALES
651 4 _aBuenos Aires [Provincia]
651 4 _aArgentina
651 4 _aRegión Pampeana
653 _aPERONISMO
700 1 _aSautu, Ruth
800 1 _aOszlak, Oscar
942 _cBK
998 _cD.B.
999 _c12122
_d12122